[Event "Mechanics' Summer TNM; 30/90, SD/30"]
[Site "San Francisco"]
[Date "2010.06.29"]
[Round "6.18"]
[White "Campers, Willie"]
[Black "MacIntyre, Brendan"]
[Result "0-1"]
[WhiteElo "1709"]
[BlackElo "1671"]
[PlyCount "100"]
[EventDate "2010.??.??"]

1. e4 c5 2. Nf3 Nc6 3. d4 cxd4 4. Nxd4 g6 5. Be3 Bg7 6. Qd2 Nf6 7. f3 O-O 8.
Nc3 h6 9. h4 h5 10. O-O-O Qa5 11. Nb3 Qc7 12. Bh6 d6 13. Bxg7 Kxg7 14. Be2 Be6
15. Nd5 Bxd5 16. exd5 Ne5 17. g4 Rac8 18. gxh5 Nxh5 19. Nd4 Ng3 20. Rh2 Rh8 21.
f4 Nc4 22. Bxc4 Qxc4 23. Qg2 Nh5 24. Qf3 Rc5 25. f5 Rxd5 26. c3 Re5 27. fxg6
fxg6 28. Kb1 Qc8 29. Rg1 Rf8 30. Qd1 Rf6 31. Nf3 Ref5 32. Nd4 Re5 33. Ka1 Qc4
34. Qg4 Rf1+ 35. Qd1 Rxd1+ 36. Rxd1 Nf6 37. Rf2 Ne4 38. Rf4 Qc8 39. h5 gxh5 40.
Rg1+ Ng5 41. a3 Kh6 42. Kb1 Qh3 43. Rf8 Qd3+ 44. Ka1 Qe3 45. Rh1 Qe4 46. Rh8+
Nh7 47. Rf1 Kg7 48. Rb8 h4 49. Rg1+ Rg5 50. Rf1 h3 0-1

[Event "Mechanics' Summer TNM; 30/90, SD/30"]
[Site "San Francisco"]
[Date "2010.06.08"]
[Round "3.13"]
[White "Campers, Willie"]
[Black "Ochoa, Jason"]
[Result "0-1"]
[WhiteElo "1709"]
[BlackElo "1900"]
[PlyCount "50"]
[EventDate "2010.??.??"]

1. e4 c5 2. Nf3 g6 3. d4 cxd4 4. Nxd4 Bg7 5. Be3 Nc6 6. Nc3 d6 7. Bb5 Bd7 8.
Qd2 Nf6 9. f3 O-O 10. O-O-O a6 11. Ba4 b5 12. Nxc6 Bxc6 13. Bb3 a5 14. a4 bxa4
15. Nxa4 Bxa4 16. Bxa4 Qb8 17. Bh6 Nxe4 18. Bxg7 Nxd2 19. Bxf8 Kxf8 20. Rxd2
Qb4 21. b3 Qa3+ 22. Kb1 Rb8 23. Rd4 e5 24. Rh4 Kg7 25. Bc6 Qc5 0-1

[Event "Mechanics' Summer TNM; 30/90, SD/30"]
[Site "San Francisco"]
[Date "2010.05.25"]
[Round "2.4"]
[White "Campers, Willie"]
[Black "Thornally, Frank"]
[Result "0-1"]
[WhiteElo "1709"]
[BlackElo "2200"]
[PlyCount "102"]
[EventDate "2010.??.??"]

1. e4 e5 2. Nf3 Nc6 3. Bb5 a6 4. Ba4 Nf6 5. d3 Bc5 6. O-O b5 7. Bb3 d6 8. c3
O-O 9. h3 h6 10. Qe2 Re8 11. Be3 Bb7 12. Bxc5 dxc5 13. Rd1 Qd6 14. Nbd2 Rad8
15. Nf1 Nh5 16. Nh4 Nf4 17. Qf3 Ne7 18. Ne3 g6 19. Kh2 Rf8 20. g3 Ne6 21. Ng4
f5 22. Nxh6+ Kg7 23. Nxg6 Ng5 24. Nxf5+ Rxf5 25. Qe3 Nf3+ 26. Kg2 Rf6 27. Nxe7
Qxe7 28. Rh1 Rdf8 29. Raf1 Rg6 30. Bd1 Ng5 31. Bg4 c4 32. Bf5 Rxf5 33. h4 Ne6
34. d4 Rh5 35. d5 Nf4+ 36. Kf3 Bc8 37. Qa7 Bg4+ 38. Ke3 Ng2+ 39. Kd2 Bf3 40.
Rh2 Rhh6 41. a3 Rg4 42. Rg1 Rxe4 43. Rhxg2 Re2+ 44. Kc1 Bxg2 45. Rxg2 Rf6 46.
Kb1 Qd6 47. Rh2 Rf3 48. h5 Rd3 49. Qb8 Rd1+ 50. Ka2 Ree1 51. h6+ Kh7 0-1

[Event "Mechanics' Summer TNM; 30/90, SD/30"]
[Site "San Francisco"]
[Date "2010.06.29"]
[Round "6.25"]
[White "Capdeville, Barry"]
[Black "Blum, Paul"]
[Result "1-0"]
[WhiteElo "1234"]
[BlackElo "928"]
[PlyCount "32"]
[EventDate "2010.??.??"]

1. e4 c5 2. c4 Nc6 3. Nf3 e5 4. Nc3 Nf6 5. d3 d6 6. Be2 Be6 7. O-O Qd7 8. Ng5
O-O-O 9. Nxe6 Qxe6 10. Nd5 Kb8 11. Re1 Be7 12. a3 Rdg8 13. b4 Nd7 14. Bg4 Qg6
15. b5 Nd4 16. Nxe7 Qf6 1-0

[Event "Mechanics' Summer TNM; 30/90, SD/30"]
[Site "San Francisco"]
[Date "2010.06.22"]
[Round "5.21"]
[White "Capdeville, Barry"]
[Black "Campers, Willie"]
[Result "0-1"]
[WhiteElo "1234"]
[BlackElo "1709"]
[PlyCount "106"]
[EventDate "2010.??.??"]

1. e4 e6 2. d4 d5 3. Nd2 c5 4. Ngf3 Nc6 5. Nb3 dxe4 6. Ng5 Nf6 7. Qe2 cxd4 8.
Nxe4 Nxe4 9. Qxe4 a6 10. Bd2 Be7 11. Bd3 f5 12. Qe2 O-O 13. O-O b5 14. f4 Rf6
15. Be1 Rg6 16. Bg3 Bb7 17. Qf2 Qd7 18. Be2 Rd8 19. Rad1 Qe8 20. Bh5 a5 21.
Bxg6 hxg6 22. Nxd4 Nxd4 23. Rxd4 Rxd4 24. Qxd4 Qc6 25. Qd2 Bc5+ 26. Kh1 b4 27.
Rf3 Bb6 28. h3 Kf7 29. c4 Kg8 30. b3 Qe4 31. Bf2 Qb1+ 32. Qe1 Qxe1+ 33. Bxe1
Bxf3 34. gxf3 Be3 35. Bh4 Bb6 36. Kg2 Kf7 37. Bf2 Bc7 38. Be3 g5 39. Kg3 gxf4+
40. Bxf4 e5 41. Bc1 Kf6 42. h4 g6 43. Bg5+ Ke6 44. Bd2 Bd6 45. Kf2 f4 46. Be1
Kf5 47. Ke2 e4 48. fxe4+ Kxe4 49. Bf2 Bc7 50. c5 Bd8 51. Bg1 Bxh4 52. c6 Bd8
53. Bc5 Bc7 0-1

[Event "Mechanics' Summer TNM; 30/90, SD/30"]
[Site "San Francisco"]
[Date "2010.06.01"]
[Round "2.23"]
[White "Capdeville, Barry"]
[Black "MacIntyre, Brendan"]
[Result "0-1"]
[WhiteElo "1234"]
[BlackElo "1671"]
[PlyCount "80"]
[EventDate "2010.??.??"]

1. e4 c5 2. c4 Nc6 3. Ne2 e6 4. g3 d5 5. cxd5 exd5 6. Nbc3 dxe4 7. Nxe4 Ne5 8.
Bg2 Nd3+ 9. Kf1 Nf6 10. Nxf6+ Qxf6 11. Qa4+ Bd7 12. Qe4+ Ne5 13. b4 Bc6 14. Qe3
Bxg2+ 15. Kxg2 Be7 16. bxc5 O-O 17. Bb2 Qc6+ 18. f3 Nc4 19. Qc3 Nxb2 20. Qxb2
Bf6 21. d4 Rfe8 22. Rac1 Re3 23. Rhf1 h5 24. Rc3 Rae8 25. Rxe3 Rxe3 26. Qd2 Re8
27. h4 Qd5 28. Qb2 Qxc5 29. Qd2 Qc4 30. Rf2 Rd8 31. Qa5 a6 32. Qxh5 Re8 33. Nf4
Bxd4 34. Rd2 Re1 35. Nd3 Re3 36. Qf5 Qc3 37. Rd1 g6 38. Rc1 Qd2+ 39. Kh3 Qxd3
40. Rc8+ Kg7 0-1

[Event "Mechanics' Summer TNM; 30/90, SD/30"]
[Site "San Francisco"]
[Date "2010.07.13"]
[Round "8.21"]
[White "Capdeville, Barry"]
[Black "Rakonitz, David"]
[Result "0-1"]
[WhiteElo "1234"]
[BlackElo "1374"]
[PlyCount "64"]
[EventDate "2010.??.??"]

1. e4 e6 2. d4 d5 3. Nd2 dxe4 4. Nxe4 Nd7 5. Nf3 Ngf6 6. Ng3 c5 7. c3 cxd4 8.
cxd4 b6 9. Be2 Be7 10. O-O Bb7 11. Bf4 Nd5 12. Bd2 O-O 13. Qb3 N7f6 14. Ne5 a6
15. Bf3 Rb8 16. Rac1 Qd6 17. Nc4 Qd8 18. Rfe1 b5 19. Ba5 Qd7 20. Ne5 Qd6 21.
Ne4 Nxe4 22. Bxe4 Bd8 23. Bd2 Bb6 24. Qd3 f5 25. Bf3 Rfe8 26. Bxd5 Qxd5 27. Nf3
Rbd8 28. Re5 Qxa2 29. b3 Qa3 30. Be3 Bd5 31. Nd2 Qxc1+ 32. Nf1 Qa3 0-1

[Event "Mechanics' Summer TNM; 30/90, SD/30"]
[Site "San Francisco"]
[Date "2010.07.06"]
[Round "7.20"]
[White "Chadwick, Richard"]
[Black "Capdeville, Barry"]
[Result "1-0"]
[WhiteElo "1719"]
[BlackElo "1234"]
[PlyCount "101"]
[EventDate "2010.??.??"]

1. e4 e5 2. Nf3 Nf6 3. Nc3 d6 4. Bc4 Be7 5. d3 O-O 6. Nd5 Nxd5 7. Bxd5 Nd7 8.
h4 Nf6 9. Bb3 Nh5 10. Ng5 Bxg5 11. hxg5 g6 12. g3 Be6 13. Bxe6 fxe6 14. Qg4 Qe8
15. Be3 c5 16. O-O-O Rc8 17. b3 Rc7 18. Rhf1 b5 19. c4 b4 20. Rd2 a5 21. Kb2 a4
22. Ra1 Rff7 23. Rdd1 Rfe7 24. Qh3 Ng7 25. g4 Qd7 26. Rf1 d5 27. exd5 exd5 28.
Rfd1 a3+ 29. Kc2 d4 30. Bd2 Ne6 31. Re1 Qd6 32. Re4 Nf4 33. Qg3 Rf7 34. Rae1
Rce7 35. Bxf4 exf4 36. Qf3 Rxe4 37. Rxe4 Kg7 38. Kd2 Kf8 39. Ke2 Kg7 40. Kf1
Kf8 41. Re2 Qd8 42. Re5 Qd6 43. Qe4 Re7 44. Rxe7 Qxe7 45. Qxf4+ Ke8 46. Qe4
Qxe4 47. dxe4 Ke7 48. Ke2 Ke6 49. f4 Kf7 50. Kd3 Ke6 51. e5 1-0

[Event "Mechanics' Summer TNM; 30/90, SD/30"]
[Site "San Francisco"]
[Date "2010.06.22"]
[Round "5.20"]
[White "Chadwick, Richard"]
[Black "Cole, Tony"]
[Result "0-1"]
[WhiteElo "1719"]
[BlackElo "1287"]
[PlyCount "98"]
[EventDate "2010.??.??"]

1. d4 d5 2. c4 Nf6 3. Nf3 Nc6 4. Nc3 Bf5 5. a3 e6 6. e3 Be7 7. Bd3 O-O 8. O-O
Bg4 9. h3 Bh5 10. Qc2 Bxf3 11. gxf3 g6 12. f4 dxc4 13. Bxc4 Nh5 14. Ne2 Qd7 15.
Kh2 Bh4 16. b4 a6 17. Bb2 Ne7 18. Ng3 Bxg3+ 19. fxg3 Nf5 20. Rae1 Nfxg3 21. Rg1
Nf5 22. Qf2 Qd6 23. Be2 Nf6 24. Bf3 c6 25. Kh1 Ng7 26. Qh2 Nd5 27. h4 Nf6 28.
e4 Nfh5 29. e5 Qd8 30. Bxh5 Nxh5 31. Qf2 Qd5+ 32. Kh2 Kh8 33. Rg5 Qa2 34. Re2
Qd5 35. Qe3 b5 36. Qf2 a5 37. Bc3 Qb3 38. Re3 Qxa3 39. bxa5 b4 40. Bb2 Qxa5 41.
Rg1 Qa2 42. Re2 Qd5 43. Rc1 Ra2 44. Rcc2 b3 45. Rcd2 Rfa8 46. Kh3 Qh1+ 47. Kg4
Qd5 48. Qh2 f5+ 49. Kh3 Qf3+ 0-1

[Event "Mechanics' Summer TNM; 30/90, SD/30"]
[Site "San Francisco"]
[Date "2010.06.15"]
[Round "4.25"]
[White "Chadwick, Richard"]
[Black "Fleming, Mark"]
[Result "1-0"]
[WhiteElo "1719"]
[BlackElo "1416"]
[PlyCount "71"]
[EventDate "2010.??.??"]

1. d4 d5 2. c4 c6 3. cxd5 cxd5 4. Nc3 Nf6 5. e3 Bf5 6. Bd3 Qd7 7. Nge2 Nc6 8.
a3 a6 9. Ng3 e6 10. Nxf5 exf5 11. Qf3 g6 12. O-O Bd6 13. g3 O-O 14. Nxd5 Nxd5
15. Qxd5 b5 16. b4 Rfb8 17. Bd2 Ne7 18. Qb3 Rc8 19. Rfc1 Rc7 20. Rxc7 Qxc7 21.
Rc1 Qb8 22. Bf1 g5 23. Bg2 Ra7 24. f4 gxf4 25. gxf4 Ng6 26. Qd3 Nh4 27. Bh1 Be7
28. Kf2 Rc7 29. Bc3 Rc8 30. d5 f6 31. Rd1 Rd8 32. Bd4 Kf7 33. Bc5 h6 34. d6 Bf8
35. Qd5+ Kg7 36. Rg1+ 1-0

[Event "Mechanics' Summer TNM; 30/90, SD/30"]
[Site "San Francisco"]
[Date "2010.06.01"]
[Round "2.18"]
[White "Chadwick, Richard"]
[Black "Hilliard, Michael"]
[Result "0-1"]
[WhiteElo "1719"]
[BlackElo "1422"]
[PlyCount "64"]
[EventDate "2010.??.??"]

1. d4 d5 2. c4 e6 3. Nf3 Nf6 4. Nc3 c5 5. e3 Nc6 6. cxd5 exd5 7. Be2 cxd4 8.
Nxd4 Bb4 9. Bd2 O-O 10. Qc2 Nxd4 11. exd4 Re8 12. O-O a6 13. Rfe1 Be6 14. a3
Ba5 15. b4 Bb6 16. Be3 Rc8 17. Qd2 Qd7 18. f3 Bc7 19. Nd1 Qd6 20. g3 Nh5 21. f4
Nf6 22. Nf2 Bf5 23. Bd3 Qe6 24. Bxf5 Qxf5 25. Qd1 Bb6 26. Ra2 Rc7 27. Ree2 Rce7
28. Qe1 Rxe3 29. Rxe3 Rxe3 30. Qxe3 Qb1+ 31. Kg2 Qxa2 32. Qe5 h6 0-1

[Event "Mechanics' Summer TNM; 30/90, SD/30"]
[Site "San Francisco"]
[Date "2010.06.01"]
[Round "2.22"]
[White "Chalissery, Jossy"]
[Black "Cole, Tony"]
[Result "1-0"]
[WhiteElo "1689"]
[BlackElo "1287"]
[PlyCount "161"]
[EventDate "2010.??.??"]

1. Nf3 Nf6 2. g3 Nc6 3. Bg2 d5 4. d3 e5 5. Nbd2 Bf5 6. O-O Qd7 7. Re1 O-O-O 8.
Nh4 g5 9. Nxf5 Qxf5 10. e4 Qg6 11. exd5 Nxd5 12. a3 g4 13. Nc4 f6 14. Ne3 Nxe3
15. Bxe3 f5 16. Bd2 Bg7 17. Bc3 h5 18. Bxc6 Qxc6 19. Bxe5 Rh7 20. Bxg7 Rxg7 21.
Qe2 Kb8 22. Qe5 Qg6 23. Qe6 Qh7 24. Re5 Rf7 25. Rae1 b6 26. Qc6 Rfd7 27. Re8
Qg7 28. b4 Qf7 29. Qe6 Qxe6 30. R1xe6 Kc8 31. Rxd8+ Kxd8 32. Rh6 Ke7 33. Rxh5
Kf6 34. Rh6+ Kg7 35. Re6 Kf7 36. Re3 Rd6 37. f4 a6 38. c3 Rc6 39. d4 Rd6 40.
Kf1 Rh6 41. Kg2 Rc6 42. d5 Rc4 43. Kf2 a5 44. Ke2 axb4 45. axb4 Kf6 46. Kd3 b5
47. Re8 Re4 48. Rxe4 fxe4+ 49. Kxe4 Kg6 50. Ke5 Kf7 51. Kf5 Ke7 52. Ke5 Kd7 53.
f5 Ke7 54. f6+ Kf7 55. d6 cxd6+ 56. Kxd6 Kxf6 57. Kc6 Ke7 58. Kxb5 Kd8 59. Kc6
Kc8 60. b5 Kb8 61. c4 Kc8 62. b6 Kb8 63. c5 Ka8 64. Kd5 Kb7 65. Ke4 Kc6 66. Kf4
Kb7 67. Kxg4 Kc6 68. h4 Kb7 69. h5 Kc6 70. h6 Kb7 71. h7 Kb8 72. h8=Q+ Kb7 73.
Qf6 Ka6 74. b7+ Kxb7 75. Qb6+ Ka8 76. Qd6 Kb7 77. c6+ Ka7 78. Qd7+ Ka6 79. c7
Ka7 80. c8=R+ Kb6 81. Qc6+ 1-0

[Event "Mechanics' Summer TNM; 30/90, SD/30"]
[Site "San Francisco"]
[Date "2010.06.15"]
[Round "4.24"]
[White "Chalissery, Jossy"]
[Black "Montoya, Daniel"]
[Result "1-0"]
[WhiteElo "1689"]
[BlackElo "1374"]
[PlyCount "97"]
[EventDate "2010.??.??"]

1. Nf3 d5 2. g3 Nf6 3. Bg2 Bf5 4. d3 h6 5. O-O e6 6. Nbd2 Be7 7. b3 O-O 8. Bb2
c5 9. Re1 d4 10. Nc4 Nc6 11. e4 Bg4 12. h3 Bh5 13. g4 Bg6 14. a4 a5 15. Bc1 Qc7
16. Bd2 Nd7 17. e5 Nb6 18. Nxb6 Qxb6 19. Bf4 Nb4 20. Nd2 Nd5 21. Nc4 Qc7 22.
Bd2 Rfd8 23. Na3 Rab8 24. Nb5 Qd7 25. Bxa5 b6 26. Bd2 f5 27. exf6 Bxf6 28. Qc1
e5 29. Na3 Rf8 30. Nc4 Bh4 31. Re2 Nf4 32. Bxf4 exf4 33. Bf3 Qd8 34. Ne5 Be8
35. Qd2 Qg5 36. a5 bxa5 37. Qxa5 Bb5 38. Qc7 Rbc8 39. Qd6 Rf6 40. Qd5+ Kf8 41.
Nd7+ Bxd7 42. Qxd7 Bxf2+ 43. Rxf2 Re8 44. Bg2 Rf7 45. Qd5 Qe7 46. Raf1 g5 47.
Qe4 Qd6 48. Qc6 Qe7 49. Qxh6+ 1-0

[Event "Mechanics' Summer TNM; 30/90, SD/30"]
[Site "San Francisco"]
[Date "2010.07.06"]
[Round "7.11"]
[White "Chalissery, Jossy"]
[Black "Shnaiderman, Lazar"]
[Result "1/2-1/2"]
[WhiteElo "1689"]
[BlackElo "1878"]
[PlyCount "56"]
[EventDate "2010.??.??"]

1. Nf3 Nf6 2. g3 b6 3. Bg2 Bb7 4. O-O e6 5. d3 Be7 6. e4 c5 7. Re1 Nc6 8. Nbd2
O-O 9. b3 Qc7 10. Bb2 d6 11. Nc4 d5 12. exd5 exd5 13. Nce5 d4 14. Nc4 Bd6 15.
Nxd6 Qxd6 16. Ng5 Rfe8 17. Ne4 Nxe4 18. Bxe4 Na5 19. Bxb7 Nxb7 20. Qf3 Na5 21.
Re4 Rxe4 22. Qxe4 Qc6 23. Re1 Qxe4 24. Rxe4 Nc6 25. a3 Kf8 26. Bc1 Re8 27.
Rxe8+ Kxe8 28. Bf4 Kd7 1/2-1/2

[Event "Mechanics' Summer TNM; 30/90, SD/30"]
[Site "San Francisco"]
[Date "2010.06.01"]
[Round "2.16"]
[White "Chen, Max"]
[Black "Allen, Tom"]
[Result "1-0"]
[WhiteElo "1742"]
[BlackElo "1501"]
[PlyCount "107"]
[EventDate "2010.??.??"]

1. d4 d5 2. c4 e5 3. dxe5 d4 4. Nf3 Nc6 5. Nbd2 Bb4 6. a3 Bxd2+ 7. Bxd2 Nge7 8.
Bg5 h6 9. Bxe7 Kxe7 10. g3 Re8 11. Bg2 Kf8 12. O-O Nxe5 13. Nxd4 Nxc4 14. b4
Rb8 15. e3 Qe7 16. Qd3 Ne5 17. Qc2 Ng4 18. Qh7 Nf6 19. Qc2 Bg4 20. Rac1 Rec8
21. Nf5 Qe5 22. Nd4 Bh5 23. Qa4 a6 24. Rc5 Qd6 25. Qc2 Bg6 26. Qc3 Ne4 27. Bxe4
Bxe4 28. Nf5 Bxf5 29. Rxf5 Rd8 30. Rc1 Rd7 31. Rf4 Rbd8 32. Rd4 Qe7 33. Rg4 f6
34. Kg2 c6 35. Qc5 Qxc5 36. Rxc5 Rd5 37. Rxd5 Rxd5 38. h4 b5 39. Kf1 Kf7 40.
Ke2 f5 41. Rd4 Kf6 42. Kd3 g6 43. e4 fxe4+ 44. Kxe4 Re5+ 45. Kf3 Rd5 46. Ke3
Re5+ 47. Re4 Kf5 48. f3 g5 49. hxg5 hxg5 50. Rxe5+ Kxe5 51. f4+ gxf4+ 52. gxf4+
Kf5 53. Kf3 a5 54. bxa5 1-0

[Event "Mechanics' Summer TNM; 30/90, SD/30"]
[Site "San Francisco"]
[Date "2010.07.06"]
[Round "7.15"]
[White "Chen, Max"]
[Black "Mar, Henry"]
[Result "1-0"]
[WhiteElo "1742"]
[BlackElo "1632"]
[PlyCount "63"]
[EventDate "2010.??.??"]

1. d4 g6 2. c4 Bg7 3. Nc3 d6 4. e4 Nf6 5. Nf3 O-O 6. Be2 Bg4 7. h3 Bxf3 8. Bxf3
c6 9. O-O Nbd7 10. Be3 e5 11. Qb3 Rb8 12. Rfd1 Re8 13. Qa3 Qc7 14. b4 exd4 15.
Bxd4 Ne5 16. Bxe5 Rxe5 17. Qxa7 Nd7 18. Qe3 f5 19. Qd3 Bf8 20. c5 Nf6 21. cxd6
Qd7 22. exf5 gxf5 23. Na4 b6 24. Qc4+ Nd5 25. Bxd5+ cxd5 26. Rxd5 Kh8 27. Rxe5
Bg7 28. Qc7 Qxc7 29. dxc7 Rc8 30. Nxb6 Rxc7 31. Re8+ Bf8 32. Rxf8+ 1-0

[Event "Mechanics' Summer TNM; 30/90, SD/30"]
[Site "San Francisco"]
[Date "2010.07.13"]
[Round "8.7"]
[White "Chen, Max"]
[Black "Sanguinetti, George"]
[Result "0-1"]
[WhiteElo "1742"]
[BlackElo "1959"]
[PlyCount "44"]
[EventDate "2010.??.??"]

1. d4 g6 2. c4 f5 3. Bg5 Nh6 4. h3 Nf7 5. Bf4 d6 6. Nf3 Bg7 7. Nc3 O-O 8. d5 e5
9. dxe6 Bxe6 10. Qb3 Nc6 11. e3 Na5 12. Qb4 c5 13. Qa4 a6 14. Rd1 b5 15. cxb5
axb5 16. Bxb5 Qb6 17. Ng5 Nb7 18. Nxe6 Rxa4 19. Nxa4 Qxb5 20. Nxf8 Qxa4 21. Ne6
Qb4+ 22. Rd2 Bxb2 0-1

[Event "Mechanics' Summer TNM; 30/90, SD/30"]
[Site "San Francisco"]
[Date "2010.06.15"]
[Round "4.10"]
[White "Chen, Max"]
[Black "Shnaiderman, Lazar"]
[Result "0-1"]
[WhiteElo "1742"]
[BlackElo "1878"]
[PlyCount "84"]
[EventDate "2010.??.??"]

1. d4 Nf6 2. c4 e6 3. Nf3 Bb4+ 4. Bd2 Qe7 5. a3 Bxd2+ 6. Qxd2 d6 7. Nc3 e5 8.
dxe5 dxe5 9. e4 O-O 10. Nd5 Nxd5 11. cxd5 Bg4 12. Be2 Nd7 13. b4 Nf6 14. Qc2
Rac8 15. Rc1 c6 16. Qb1 cxd5 17. exd5 Rxc1+ 18. Qxc1 Nxd5 19. O-O Nf4 20. Re1
Bxf3 21. Bxf3 Nd3 22. Qd1 Nxe1 23. Qxe1 b6 24. g3 Rd8 25. Qc3 Qd6 26. Kg2 g6
27. Qe3 Kg7 28. Qg5 Qf6 29. Qe3 Qd6 30. Qg5 h6 31. Qe3 Qd4 32. Qe2 Rd7 33. Qb5
e4 34. Be2 Qd5 35. Qa4 e3+ 36. f3 Qd2 37. Kf1 Rc7 38. Qb5 Rc1+ 39. Kg2 Re1 40.
Qe5+ Kh7 41. Kh3 Qd7+ 42. g4 Rxe2 0-1

[Event "Mechanics' Summer TNM; 30/90, SD/30"]
[Site "San Francisco"]
[Date "2010.06.22"]
[Round "5.16"]
[White "Chernobilskiy, Mikhail"]
[Black "Litowsky, Daniel"]
[Result "1-0"]
[WhiteElo "1858"]
[BlackElo "1707"]
[PlyCount "39"]
[EventDate "2010.??.??"]

1. e4 e5 2. f4 d6 3. Nf3 Bg4 4. Bc4 Be7 5. O-O Nf6 6. fxe5 dxe5 7. Bxf7+ Kf8 8.
Bb3 Nc6 9. Qe1 h6 10. d3 Qd6 11. Be3 a5 12. a3 Ke8 13. Nbd2 b5 14. Rd1 Be6 15.
Qg3 Rg8 16. d4 Bxb3 17. Nxb3 Nxe4 18. Qg4 Nf6 19. Qg6+ Kd8 20. dxe5 1-0

[Event "Mechanics' Summer TNM; 30/90, SD/30"]
[Site "San Francisco"]
[Date "2010.06.08"]
[Round "3.22"]
[White "Chernobilskiy, Mikhail"]
[Black "Olson, David"]
[Result "1-0"]
[WhiteElo "1858"]
[BlackElo "1400"]
[PlyCount "41"]
[EventDate "2010.??.??"]

1. c4 e5 2. Nc3 Nc6 3. d3 Nf6 4. e4 Nd4 5. f4 exf4 6. Bxf4 d6 7. Qd2 Bg4 8. h3
Be6 9. Nge2 Nxe2 10. Bxe2 c5 11. O-O Qd7 12. Rad1 Be7 13. d4 Qc7 14. Qe3 cxd4
15. Rxd4 Qc5 16. Rfd1 Rd8 17. e5 Qb6 18. exf6 Bxf6 19. R4d2 Qc7 20. Nd5 O-O 21.
Nxc7 1-0

[Event "Mechanics' Summer TNM; 30/90, SD/30"]
[Site "San Francisco"]
[Date "2010.06.29"]
[Round "6.14"]
[White "Chernobilskiy, Mikhail"]
[Black "Standen, Julian"]
[Result "1-0"]
[WhiteElo "1858"]
[BlackElo "1720"]
[PlyCount "45"]
[EventDate "2010.??.??"]

1. e4 c6 2. c4 d5 3. exd5 cxd5 4. d4 Nf6 5. Nc3 Nc6 6. c5 e5 7. dxe5 Nxe5 8.
Qe2 Qe7 9. Bg5 Nd3+ 10. Kd1 Qxe2+ 11. Kxe2 Nxc5 12. Bxf6 gxf6 13. Nxd5 Bd6 14.
Nxf6+ Ke7 15. Nd5+ Ke6 16. Rd1 Re8 17. f3 Bd7 18. Kf2 Rac8 19. Ne2 Be5 20. b4
Na4 21. g3 Rc2 22. Bh3+ f5 23. Bxf5+ 1-0

[Event "Mechanics' Summer TNM; 30/90, SD/30"]
[Site "San Francisco"]
[Date "2010.06.08"]
[Round "3.26"]
[White "Cole, Tony"]
[Black "Bertot, German"]
[Result "1-0"]
[WhiteElo "1287"]
[BlackElo "1554"]
[PlyCount "61"]
[EventDate "2010.??.??"]

1. e4 e5 2. Nf3 Nc6 3. Nc3 Nf6 4. Bc4 Bc5 5. Ng5 O-O 6. d3 Qe7 7. Be3 Nd4 8. h4
d6 9. Ne2 Ng4 10. c3 Nxe3 11. fxe3 Ne6 12. d4 Nxg5 13. hxg5 Bb6 14. g6 h6 15.
Ng3 Qg5 16. gxf7+ Kh8 17. Qf3 Bg4 18. Qf2 Qe7 19. Nf5 Qf6 20. Nh4 Qxf2+ 21.
Kxf2 Bh5 22. Nf5 Bxf7 23. Bxf7 Rxf7 24. Ke2 Raf8 25. Raf1 Re8 26. Nh4 Rxf1 27.
Rxf1 Kg8 28. d5 c6 29. c4 Bc5 30. Nf5 Rf8 31. Ne7+ 1-0

[Event "Mechanics' Summer TNM; 30/90, SD/30"]
[Site "San Francisco"]
[Date "2010.06.15"]
[Round "4.20"]
[White "Cole, Tony"]
[Black "MacIntyre, Brendan"]
[Result "1/2-1/2"]
[WhiteElo "1287"]
[BlackElo "1671"]
[PlyCount "52"]
[EventDate "2010.??.??"]

1. e4 c5 2. Nf3 Nc6 3. d4 cxd4 4. Nxd4 g6 5. Bc4 Bg7 6. Be3 Nf6 7. Nc3 O-O 8.
Bd3 d5 9. f3 e5 10. Nxc6 bxc6 11. Bg5 Qb6 12. Na4 Qa5+ 13. c3 c5 14. Bxf6 Bxf6
15. exd5 Bb7 16. Be4 c4 17. b4 cxb3 18. axb3 Rac8 19. b4 Qb5 20. Nc5 Rxc5 21.
Ra5 Rxd5 22. Bxd5 Qb6 23. c4 Qxb4+ 24. Qd2 Qb1+ 25. Qd1 Qb4+ 26. Qd2 Qb1+
1/2-1/2

[Event "Mechanics' Summer TNM; 30/90, SD/30"]
[Site "San Francisco"]
[Date "2010.05.25"]
[Round "2.20"]
[White "Cole, Tony"]
[Black "Sherwood, Peter"]
[Result "0-1"]
[WhiteElo "1287"]
[BlackElo "1778"]
[PlyCount "94"]
[EventDate "2010.??.??"]

1. e4 c5 2. Nc3 Nc6 3. Nf3 d6 4. d4 cxd4 5. Nxd4 Nf6 6. Bc4 e6 7. Bb3 Be7 8.
Be3 a6 9. O-O O-O 10. Qf3 Qc7 11. Nce2 Ne5 12. Qh3 Nxe4 13. c3 Ng6 14. Ng3 Nxg3
15. fxg3 d5 16. Bc2 Bd7 17. Rf3 Bf6 18. Raf1 Rae8 19. g4 e5 20. Bxg6 hxg6 21.
Nf5 gxf5 22. gxf5 g6 23. Qh6 Bxf5 24. Rxf5 Bg7 25. Qh4 gxf5 26. Rxf5 Qc4 27. g4
Re6 28. Bg5 Qe4 29. Qh5 Rg6 30. h3 Qb1+ 31. Kg2 Qxb2+ 32. Kg1 Qxc3 33. Qh4 Rc8
34. Bd8 Qa1+ 35. Kg2 Rc2+ 36. Rf2 Rxf2+ 37. Qxf2 e4 38. Qe2 Qb2 39. Qxb2 Bxb2
40. Kf2 d4 41. Ke2 Re6 42. Bg5 d3+ 43. Kd2 Kg7 44. Be3 Rc6 45. Kd1 Kg6 46. Kd2
Bc1+ 47. Kd1 Bxe3 0-1

[Event "Mechanics' Summer TNM; 30/90, SD/30"]
[Site "San Francisco"]
[Date "2010.05.25"]
[Round "2"]
[White "Dembling, Arthur"]
[Black "Rakonitz, David"]
[Result "1-0"]
[WhiteElo "1785"]
[BlackElo "1374"]
[PlyCount "83"]
[EventDate "2010.??.??"]

1. e4 e6 2. d4 d5 3. e5 c5 4. c3 Nc6 5. Be3 Qb6 6. Qd2 Be7 7. Bd3 Bd7 8. Ne2
Na5 9. dxc5 Bxc5 10. Bxc5 Qxc5 11. b4 Nc4 12. bxc5 Nxd2 13. Nxd2 Ne7 14. Rb1
Rb8 15. Nd4 a6 16. Bxa6 O-O 17. Bd3 Rfc8 18. N2b3 Ng6 19. Bxg6 fxg6 20. Ke2 Kf7
21. Rhc1 Ke7 22. Ke3 g5 23. f3 Be8 24. Rb2 Ra8 25. Rcc2 Bg6 26. Rd2 Be8 27. c6
bxc6 28. Nc5 Ra7 29. Ndxe6 Kf7 30. Nxg5+ Kg6 31. f4 h6 32. Nf3 Rcc7 33. g4 Kf7
34. f5 Ra3 35. Kd4 Ra8 36. Rb7 Rxb7 37. Nxb7 Ra4+ 38. Ke3 Rxg4 39. Nd6+ Ke7 40.
Rb2 Bh5 41. Rb7+ Kd8 42. e6 1-0

[Event "Mechanics' Summer TNM; 30/90, SD/30"]
[Site "San Francisco"]
[Date "2010.07.13"]
[Round "8.8"]
[White "Dembling, Arthur"]
[Black "Todortsev, Victor"]
[Result "0-1"]
[WhiteElo "1785"]
[BlackElo "1928"]
[PlyCount "140"]
[EventDate "2010.??.??"]

1. e4 e5 2. Nf3 Nc6 3. Bb5 Bc5 4. O-O d6 5. d4 exd4 6. Nxd4 Bd7 7. Nxc6 bxc6 8.
Bc4 Nf6 9. Nc3 Ng4 10. h3 Ne5 11. Bb3 a5 12. a4 Qh4 13. Qe2 Bxh3 14. Be3 Bg4
15. f3 Bxe3+ 16. Qxe3 Bd7 17. Ne2 O-O 18. Nf4 Kh8 19. Nd3 Rae8 20. Qf4 Qh5 21.
Kf2 f5 22. Rh1 Qg6 23. Nxe5 Rxe5 24. Rh2 Rf6 25. Rah1 h6 26. exf5 Rfxf5 27.
Rxh6+ gxh6 28. Rxh6+ Kg7 29. Rxg6+ Kxg6 30. Qg4+ Kf6 31. Qh4+ Kg7 32. Qg4+ Kf8
33. Qg8+ Ke7 34. Qg7+ Kd8 35. Qg8+ Re8 36. Qc4 d5 37. Qa6 c5 38. c3 c4 39. Bd1
Re6 40. Qxa5 Rb6 41. Qc5 Rxb2+ 42. Kg3 Rd2 43. Qb4 Rxd1 44. a5 Ra1 45. f4 Rf6
46. Qc5 Rd1 47. Qb4 Rd3+ 48. Kh2 Rxf4 49. a6 Bc6 50. a7 Kd7 51. Qb8 Rh4+ 52.
Kg1 Rd1+ 53. Kf2 Ra1 54. Qf8 Re4 55. Qf5+ Kd6 56. Qf8+ Kd7 57. Qf5+ Re6 58.
Qf7+ Re7 59. Qf5+ Kd8 60. Qf8+ Be8 61. Qh6 Rxa7 62. Qg5 c6 63. Qg3 Ra2+ 64. Kg1
Kd7 65. Qg4+ Kc7 66. Qf4+ Kb7 67. Qd6 Ree2 68. Qb4+ Ka8 69. Qd6 Rxg2+ 70. Kf1
Rgb2 0-1

[Event "Mechanics' Summer TNM; 30/90, SD/30"]
[Site "San Francisco"]
[Date "2010.06.08"]
[Round "3.6"]
[White "Dembling, Arthur"]
[Black "Traub, Igor"]
[Result "1/2-1/2"]
[WhiteElo "1785"]
[BlackElo "2112"]
[PlyCount "76"]
[EventDate "2010.??.??"]

1. e4 d5 2. exd5 Nf6 3. c4 c6 4. d4 cxd5 5. Nc3 Nc6 6. Nf3 Bg4 7. cxd5 Nxd5 8.
Qb3 Bxf3 9. gxf3 e6 10. Qxb7 Nxd4 11. Bb5+ Nxb5 12. Qc6+ Ke7 13. Qxb5 Nc7 14.
Qb4+ Qd6 15. Qxd6+ Kxd6 16. Bf4+ Kc6 17. Rc1 Kb7 18. Ke2 e5 19. Be3 Rd8 20.
Rhd1 Bb4 21. a3 Bxc3 22. Rxc3 Rxd1 23. Kxd1 Ne6 24. Rb3+ Ka6 25. Rd3 Rb8 26.
Rd6+ Kb7 27. Kc2 Rc8+ 28. Kb1 Rd8 29. Rxd8 Nxd8 30. Kc2 Ne6 31. Kd3 a6 32. Ke4
f6 33. Kd5 Nc7+ 34. Kd6 a5 35. a4 h5 36. Bd2 Kb6 37. Be3+ Kb7 38. Bd2 Kb6
1/2-1/2